01022naa#a2200181#i#4500001004000000005001700040011001400057100004100071102000700112200020600119210019500325215001100520608004500531675010900576700006000685700005800745856003700803RU\FGKOU VO SPBU MVD ROSSII\bibl\10965720260429054510.3##a2713-0622##a20260428b2026####ek#y0rusy0150####ca##aRU1#aБесконтактный сбыт наркотических средств с участием мигрантов: криминологический анализeЖурнальная статья1#aСанкт-ПетербургcСАНКТ-ПЕТЕРБУРГСКИЙ УНИВЕРСИТЕТ МИНИСТЕРСТВА ВНУТРЕННИХ ДЕЛ РОССИЙСКОЙ ФЕДЕРАЦИИd2026##a12 с.##aЖурнальная статья2local##aЗапрещенное употребление и обращение с наркотиками. 343.575#1aСенцовgВячеслав Владимирович#1aКолесниковgРоман Викторович4#arussianjournaldeviantbehavior.ru